| 000 | 00696cam a22002172 4500 | ||
|---|---|---|---|
| 001 | 0000019641 | ||
| 005 | 20151217161148.0 | ||
| 008 | 110115s xx 000 0 eng d | ||
| 020 | _a0443055785 : | ||
| 040 |
_aKABU _cKABU |
||
| 100 | 1 |
_aLivingstone, Churchill. _@0000179475 |
|
| 245 | 1 | 0 |
_aChurchill Livingstone's dictionary of nursing / _cChurchill Livingstone. |
| 250 |
_a17th ed. / _bSue Hinchliff. |
||
| 260 |
_aLondon : _bChurchill Livingstone, _c1996. |
||
| 300 | _axxvi, 457 p. | ||
| 650 | 0 |
_aNursing _vDictionaries. _@0000177734 |
|
| 700 | 1 |
_aHinchliff, Sue. _@0000179476 |
|
| 852 | 1 | _9p1996 KES | |
| 908 | _a110115 | ||
| 950 | _@1 | ||
| 999 |
_c15201 _d15201 |
||